000 00602nam a2200229Ia 4500
003 OSt
005 20221007081750.0
006 a|||||r|||| 00| 0
007 ta
008 221006b |||||||| |||| 00| 0 eng d
024 _a18,786
037 _cTextual
040 _aFLL
_cFLL
_beng
041 _2eng
_aeng
082 _aZ1:C293, E5
100 _aPyke H. Reason
_9698031
245 0 _aLaw of contraband of war
260 _aOxford
_bThe Clarendon Press England
_c1915
300 _a314p
_ccm.
942 _hZ1:C293, E5
_cTEXL
_2CC
999 _c1164195
_d1164195